[Event "OHRA"]
[Site "Amsterdam"]
[Date "1983.??.??"]
[Round "?"]
[White "Van der Wiel, John TH"]
[Black "Franco Ocampo, Zenon"]
[Result "1-0"]
[WhiteElo "2515"]
[BlackElo "2495"]

1.e4 c5 2.Nf3 Nc6 3.d4 cxd4 4.Nxd4 Nf6 5.Nc3 d6 6.Bg5 Bd7 7.Nb3 a6 8.f4 b5
9.Bxf6 gxf6 10.Qh5 Rc8 11.O-O-O Na5 12.Nd4 Bg7 13.Nf5 Bxf5 14.exf5 Rc5 15.Bd3 e5
16.Ne4 Rc6 17.fxe5 fxe5 18.f6 Bf8 19.Rhf1 Qc7 20.Ng5 Nc4 21.Be4  1-0

[Event "Bath TV-B"]
[Site "Bath"]
[Date "1983.??.??"]
[Round "?"]
[White "Kindermann, Stefan"]
[Black "Hort, Vlastimil"]
[Result "1/2-1/2"]
[WhiteElo "2500"]
[BlackElo "2595"]

1.e4 c5 2.Nf3 Nc6 3.d4 cxd4 4.Nxd4 Nf6 5.Nc3 d6 6.Bg5 e6 7.Qd2 a6 8.O-O-O Bd7
9.f4 h6 10.Bh4 b5 11.Bxf6 gxf6 12.Nxc6 Bxc6 13.Qe1 Qe7 14.Bd3 Rg8 15.Rg1 Bb7
16.Kb1 Qc7 17.g4 O-O-O 18.a3 Kb8 19.Rg3 Rc8 20.f5 Qc5 21.Ne2 Qe5 22.Qf2 Be7
23.Nf4 Rce8 24.Re1 Bd8 25.Re2 Qc5 26.Qf3 Ka7 27.c3 Re7 28.Qf1 Rge8 29.Nh5 Rd7
30.Bc2 d5 31.Ng7 Ree7 32.Nh5 Re8 33.Ng7 Ree7 34.Nh5 Re8  1/2-1/2

[Event "Bayamo"]
[Site "Bayamo"]
[Date "1983.??.??"]
[Round "?"]
[White "Garcia, Gildardo"]
[Black "Vera, Reynaldo"]
[Result "0-1"]
[WhiteElo "2415"]
[BlackElo "2420"]

1.e4 c5 2.Nf3 d6 3.d4 cxd4 4.Nxd4 Nf6 5.Nc3 Nc6 6.Bg5 e6 7.Qd2 Be7 8.O-O-O O-O
9.Nb3 a6 10.Bxf6 Bxf6 11.Qxd6 Bxc3 12.Qxd8 Bxb2+ 13.Kxb2 Rxd8 14.Rxd8+ Nxd8
15.Be2 Kf8 16.Rd1 Ke7 17.Na5 Bd7 18.Nc4 Bb5 19.a4 Bxc4 20.Bxc4 Nc6 21.f4 Rd8
22.Rxd8 Kxd8 23.Kc3 Kc7 24.e5 Kb6 25.Bd3 h6 26.Kc4 Ka5 27.Kc5 Kxa4 28.Bh7 a5
29.Bg8 Nd8 30.g4 Ka3 31.Kb5 Kb2 32.Kxa5 Kxc2 33.Kb6 Kd3 34.Kc7 Nc6 35.Bxf7 Ke4
36.Bxe6 Kxf4 37.Bc8 Nxe5 38.Bxb7 Nxg4 39.h3 Nf2 40.Bc8 Kg3 41.Kd6 Nxh3 42.Ke7 Nf4
43.Kf7 g6 44.Kf6 h5 45.Kg5 h4 46.Bb7 h3 47.Bh1 Ng2  0-1

[Event "Bela Crkva op"]
[Site "Bela Crkva"]
[Date "1983.??.??"]
[Round "6"]
[White "Ikonic, Borislav"]
[Black "Zivanovic, Ivan"]
[Result "0-1"]
[WhiteElo "2220"]
[BlackElo "2365"]

1.e4 c5 2.Nf3 d6 3.d4 cxd4 4.Nxd4 Nf6 5.Nc3 Nc6 6.Bg5 e6 7.Qd2 Be7 8.O-O-O O-O
9.Nb3 Qb6 10.f3 Rd8 11.g4 d5 12.exd5 Nxd5 13.Bxe7 Ndxe7 14.Bd3 Bd7 15.Qg5 Be8
16.Kb1 a5 17.a3 Nd5 18.Nxd5 Rxd5 19.Qh4 h6 20.f4 Rad8 21.g5 Rxd3 22.cxd3 hxg5
23.fxg5 Qxb3 24.g6 fxg6 25.d4 e5 26.Rhe1 Bf7  0-1

[Event "Bor"]
[Site "Bor"]
[Date "1983.??.??"]
[Round "10"]
[White "Campora, Daniel H"]
[Black "Tukmakov, Vladimir B"]
[Result "1/2-1/2"]
[WhiteElo "2485"]
[BlackElo "2590"]

1.e4 c5 2.Nf3 d6 3.d4 cxd4 4.Nxd4 Nf6 5.Nc3 Nc6 6.Bg5 e6 7.Qd2 a6 8.O-O-O h6
9.Be3 Be7 10.f3 Nxd4 11.Qxd4 e5 12.Qb6 Qxb6 13.Bxb6 Be6 14.Nd5 Nxd5 15.exd5 Bd7
16.c4 Bd8 17.Bf2 b5 18.b3 Rb8 19.Kb2 Bb6 20.Bxb6 Rxb6 21.Rc1 Ke7 22.cxb5 axb5
23.b4 Rbb8 24.Bd3 Rhc8 25.g4 g5 26.Rxc8 Rxc8 27.h4 Kf6 28.hxg5+ hxg5 29.Rh6+ Ke7
30.a3 Ra8 31.Bf5 Rc8 32.Bd3 Ra8 33.Rh2 Rc8 34.Rh1 Kf6 35.Kb3 Ke7 36.Be4 Kf6
37.Rh6+ Ke7 38.Rh5 Kf6 39.Rh1 Ke7 40.Bd3 Kf6 41.Rh6+  1/2-1/2

[Event "Bor"]
[Site "Bor"]
[Date "1983.??.??"]
[Round "12"]
[White "Jansa, Vlastimil"]
[Black "Tukmakov, Vladimir B"]
[Result "0-1"]
[WhiteElo "2445"]
[BlackElo "2590"]

1.e4 c5 2.Nf3 d6 3.d4 cxd4 4.Nxd4 Nf6 5.Nc3 Nc6 6.Bg5 e6 7.Qd2 a6 8.O-O-O h6
9.Bf4 Bd7 10.Nxc6 Bxc6 11.Qe1 Be7 12.h4 Qc7 13.e5 d5 14.Ne2 Nd7 15.Nd4 Bf6
16.Nf3 Rc8 17.Kb1 Ba4 18.Ka1 Be7 19.Bd3 Nb8 20.Nd4 Nc6 21.Nxc6 Qxc6 22.Rh3 Bb5
23.Rg3 Bxd3 24.cxd3 Qa4 25.d4 Bxh4 26.b3 Qa3 27.Bc1 Rxc1+ 28.Rxc1 Bxg3 29.Rc8+ Kd7
30.Rxh8 Bxf2 31.Qd2 Bxd4+ 32.Kb1 Bxe5 33.Qc2 Ke7 34.Rc8 Qb4 35.Qd3 Qe1+ 36.Rc1 Qf2
37.Qc2 Qd4 38.Qc5+ Qxc5 39.Rxc5 Kd7 40.Kc1 b5 41.Kd2 g5  0-1

[Event "Bratislava"]
[Site "Bratislava"]
[Date "1983.??.??"]
[Round "1"]
[White "Jansa, Vlastimil"]
[Black "Mokry, Karel"]
[Result "1/2-1/2"]
[WhiteElo "2445"]
[BlackElo "2450"]

1.e4 c5 2.Nf3 d6 3.d4 cxd4 4.Nxd4 Nf6 5.Nc3 Nc6 6.Bg5 e6 7.Qd2 Be7 8.O-O-O O-O
9.Nb3 Qb6 10.f3 Rd8 11.h4 a6 12.h5 Qc7 13.h6 g6 14.Qf4 Ne8 15.Bxe7 Qxe7 16.Qe3 b5
17.f4 Qc7 18.Bd3 b4 19.Ne2 a5 20.Kb1 Bd7 21.Rc1 Qa7 22.Qxa7 Rxa7  1/2-1/2

[Event "Bratislava"]
[Site "Bratislava"]
[Date "1983.??.??"]
[Round "7"]
[White "Jansa, Vlastimil"]
[Black "Lerner, Konstantin Z"]
[Result "1-0"]
[WhiteElo "2445"]
[BlackElo "2495"]

1.e4 c5 2.Nf3 Nc6 3.d4 cxd4 4.Nxd4 Nf6 5.Nc3 d6 6.Bg5 e6 7.Qd2 a6 8.O-O-O h6
9.Bf4 Bd7 10.Nxc6 Bxc6 11.Qe1 Qc7 12.e5 dxe5 13.Bxe5 Qc8 14.h4 Be7 15.Rh3 O-O
16.Bd3 b5 17.Ne4 Ng4 18.Nd6 Qd8 19.Rg3 h5 20.f3 Bxh4 21.fxg4 Bxg3 22.Qxg3 Qg5+
23.Rd2 Qxg4 24.Qe3 Rad8 25.Be2 Qg6 26.Bd3 Qg4 27.Be2 Qg6 28.Bd3 f5 29.g3 Be4
30.b3 Bxd3 31.Rxd3 Rd7 32.Qb6 h4 33.gxh4 f4 34.Qc6 Re7 35.Qf3 Qg1+ 36.Kb2 Qc5
37.Bc3 b4 38.Bd2 Rc7 39.Nc4 a5 40.Qe4 Qf5 41.Qxf5 Rxf5 42.Rf3 e5 43.Nxa5 Kf7
44.Nc4 Ke6 45.Bxb4 Rh5 46.Be1 Kf5 47.a4 e4 48.Rf1 Kg4 49.a5 e3 50.Kc3 Rxa5
51.Kd3 Ra1 52.Ke4 Re7+ 53.Ne5+ Rxe5+ 54.Kxe5 f3 55.Rg1+ Kh3 56.Kf4 Kh2 57.Bf2  1-0

[Event "Bratislava"]
[Site "Bratislava"]
[Date "1983.??.??"]
[Round "11"]
[White "Prandstetter, Eduard"]
[Black "Lerner, Konstantin Z"]
[Result "1-0"]
[WhiteElo "2440"]
[BlackElo "2495"]

1.e4 c5 2.Nf3 Nc6 3.d4 cxd4 4.Nxd4 Nf6 5.Nc3 d6 6.Bg5 e6 7.Qd2 a6 8.O-O-O h6
9.Bf4 Bd7 10.Nxc6 Bxc6 11.Qe3 Qc7 12.h3 b5 13.Bd3 Be7 14.Kb1 b4 15.Ne2 e5
16.Bh2 a5 17.f3 a4 18.Rc1 O-O 19.g4 Nd7 20.h4 Bxh4 21.Bxe5 Nxe5 22.Rxh4 Qe7
23.Rch1 Qf6 24.Nd4 Ng6 25.Rh5 Bd7 26.g5 Qf4 27.Qg1 Ra5 28.gxh6 Rxh5 29.Rxh5 Re8
30.hxg7 a3 31.Nf5 Bxf5 32.Rxf5 Qh6 33.Bc4 Re7 34.Rf6 Kxg7 35.Rxd6 Qf4 36.Qd4+ Ne5
37.Be2 Rb7 38.Qd2 Qh4 39.f4 Ng6 40.f5 Nf4 41.Bd1 f6 42.Rd7+ Rxd7 43.Qxd7+ Kh6
44.Qd8 Kh7 45.e5 Qe1 46.exf6  1-0

[Event "WchT U26"]
[Site "Chicago"]
[Date "1983.??.??"]
[Round "?"]
[White "Arnason, Jon L"]
[Black "Trepp, Markus"]
[Result "1-0"]
[WhiteElo "2460"]
[BlackElo "2270"]

1.e4 c5 2.Nf3 Nc6 3.d4 cxd4 4.Nxd4 Nf6 5.Nc3 d6 6.Bg5 e6 7.Qd2 a6 8.O-O-O h6
9.Be3 Bd7 10.f3 Qc7 11.g4 b5 12.Rg1 Ne5 13.h4 b4 14.Nb1 Nc4 15.Bxc4 Qxc4
16.g5 hxg5 17.hxg5 Ng8 18.b3 Qc7 19.g6 f6 20.f4 Qb7 21.e5 dxe5 22.fxe5 f5
23.Nf3 Bc6 24.Ng5 Bd5 25.Rg3 Ne7 26.Nf7 Nxg6 27.Nxh8 Nxh8 28.Kb2 Rc8 29.c4 Be4
30.Qh2 Nf7 31.Rg6 Qc6 32.Bf4 Rd8 33.Rxd8+ Kxd8 34.Nd2 Bd3 35.Qf2 Bc5 36.Qh4+ Kc8
37.Rxg7 Nd8 38.Qh8 Bd4+ 39.Kc1 Bc3 40.Rg8 Qb6 41.c5  1-0

[Event "WchT U26"]
[Site "Chicago"]
[Date "1983.??.??"]
[Round "?"]
[White "Dolmatov, Sergey"]
[Black "Trepp, Markus"]
[Result "1-0"]
[WhiteElo "2550"]
[BlackElo "2270"]

1.e4 c5 2.Nf3 Nc6 3.d4 cxd4 4.Nxd4 Nf6 5.Nc3 d6 6.Bg5 e6 7.Qd2 a6 8.O-O-O h6
9.Be3 Bd7 10.f3 b5 11.g4 Ne5 12.Rg1 Qc7 13.h4 b4 14.Nb1 Nc4 15.Bxc4 Qxc4
16.g5 hxg5 17.hxg5 Ng8 18.b3 Qc7 19.g6 f6 20.f4 Qb7 21.Qd3 Rc8 22.Bd2 Ne7
23.f5 e5 24.Ne6 d5 25.exd5 Nxd5 26.Kb2 Bxe6 27.fxe6 Bc5 28.Rg4 Ke7 29.c4 Nb6
30.Be3 Qc6 31.Bxc5+ Qxc5 32.Qe4 Qc6 33.Qe2 a5 34.Nd2 a4 35.Ne4 Rcd8 36.Rgg1 Rh4
37.Rxd8 Kxd8 38.Nxf6 a3+ 39.Kb1 Rh1 40.Qd1+  1-0

[Event "Capablanca mem-B"]
[Site "Cienfuegos"]
[Date "1983.??.??"]
[Round "?"]
[White "Vogt, Lothar"]
[Black "Garcia Martinez, Silvino"]
[Result "1-0"]
[WhiteElo "2510"]
[BlackElo "2435"]

1.e4 c5 2.Nf3 d6 3.d4 cxd4 4.Nxd4 Nf6 5.Nc3 Nc6 6.Bg5 e6 7.Qd2 a6 8.O-O-O h6
9.Be3 Be7 10.f3 Nxd4 11.Bxd4 b5 12.Kb1 Qc7 13.Bxf6 gxf6 14.Bd3 Bb7 15.f4 Qc5
16.f5 O-O-O 17.Rhe1 h5 18.a4 Bc6 19.Qe3 Qxe3 20.Rxe3 bxa4 21.Bxa6+ Kd7 22.Bb5 Rdg8
23.Bxc6+ Kxc6 24.Nxa4 Rxg2 25.Rc3+ Kb5 26.Rd4 Rg1+ 27.Ka2 Ra8 28.Kb3 d5 29.exd5 e5
30.Rdc4 Ra1 31.Nc5 Rd1  1-0

[Event "Copenhagen"]
[Site "Copenhagen"]
[Date "1983.??.??"]
[Round "5"]
[White "Jansa, Vlastimil"]
[Black "Iskov, Gert"]
[Result "1-0"]
[WhiteElo "2445"]
[BlackElo "2365"]

1.Nf3 c5 2.e4 Nc6 3.d4 cxd4 4.Nxd4 Nf6 5.Nc3 d6 6.Bg5 Qb6 7.Nb3 e6 8.Bd3 Bd7
9.O-O Ne5 10.Kh1 Be7 11.f4 Nxd3 12.cxd3 h6 13.Bxf6 Bxf6 14.d4 O-O-O 15.a4 Kb8
16.a5 Qa6 17.e5 Be7 18.d5 Bb5 19.Nxb5 Qxb5 20.a6 Qxd5 21.Qxd5 exd5 22.Na5 Rd7
23.axb7 Rc7 24.Rfc1 Bd8 25.Nc6+ Kxb7 26.Rxa7+ Kb6 27.Rxc7 Bxc7 28.Ne7 Kb7
29.Nxd5 Bb8 30.exd6 Bxd6 31.g3 Re8 32.Rc2 Re1+ 33.Kg2 Rd1 34.Ne3 Rd3 35.Kf3 g6
36.Ke4 Rb3 37.Nc4 Rb4 38.Kd5 Bc7 39.Re2 Rb5+ 40.Kd4 Bb6+ 41.Kc3 Ka6 42.Rd2 Ba5+
43.Nxa5 Kxa5 44.b4+  1-0

[Event "Gausdal Int"]
[Site "Gausdal"]
[Date "1983.??.??"]
[Round "?"]
[White "Tisdall, Jonathan D"]
[Black "Dlugy, Maxim"]
[Result "1-0"]
[WhiteElo "2420"]
[BlackElo "2455"]

1.e4 c5 2.Nf3 Nc6 3.d4 cxd4 4.Nxd4 Nf6 5.Nc3 d6 6.Bg5 e6 7.Qd2 a6 8.O-O-O h6
9.Bf4 Bd7 10.Bg3 Nxd4 11.Qxd4 Bc6 12.Qe3 Qc7 13.Nd5 Bxd5 14.exd5 e5 15.f4 Nd7
16.Bd3 Be7 17.Kb1 Bf6 18.Rhf1 O-O-O 19.fxe5 Nxe5 20.Bxe5 Bxe5 21.Qa7 Rdf8
22.Bf5+ Kd8 23.Rfe1 f6 24.Rd3 Ke7 25.Re4 Ra8 26.Rc3 Qd7 27.Qxa8 Rxa8 28.Bxd7 Kxd7
29.Rb3 Rb8 30.Reb4 Kc7 31.h3 f5 32.Rc4+ Kd7 33.Rc6 Bd4 34.Rxa6  1-0

[Event "Bundesliga 8283"]
[Site "Germany"]
[Date "1983.??.??"]
[Round "?"]
[White "Cladouras, Panagiotis"]
[Black "Calvo Minguez, Ricardo"]
[Result "0-1"]
[WhiteElo "2275"]
[BlackElo "2420"]

1.e4 c5 2.Nf3 Nc6 3.d4 cxd4 4.Nxd4 Nf6 5.Nc3 d6 6.Bg5 e6 7.Qd2 a6 8.O-O-O h6
9.Bf4 Bd7 10.Nxc6 Bxc6 11.Bxd6 Bxd6 12.Qxd6 Qxd6 13.Rxd6 Nxe4 14.Nxe4 Bxe4
15.f3 Ke7 16.Rb6 Bc6 17.a4 Rhc8 18.a5 Rc7 19.Bd3 Rd8 20.Rd1 Rd4 21.b3 f5
22.Bc4 Rxd1+ 23.Kxd1 e5 24.Kd2 Kd6 25.Bd3 Rf7 26.c4 Kc7 27.b4 e4 28.fxe4 fxe4
29.Be2 Rf2 30.g3 Rxh2 31.b5 axb5 32.cxb5 Bd5 33.Ke3 Bf7  0-1

[Event "EU-ch U20"]
[Site "Groningen"]
[Date "1983.??.??"]
[Round "12"]
[White "Bator, Robert"]
[Black "Agdestein, Simen"]
[Result "1/2-1/2"]
[WhiteElo "2315"]
[BlackElo "2380"]

1.e4 c5 2.Nf3 d6 3.d4 cxd4 4.Nxd4 Nf6 5.Nc3 Nc6 6.Bg5 Qb6 7.Nb3 e6 8.Bxf6 gxf6
9.Qh5 Bd7 10.Bd3 Ne5 11.Be2 Rg8 12.g3 Rg6 13.Qh3 Rc8 14.f4 Nc4 15.Bxc4 Rxc4
16.O-O-O a5 17.Qf1 Qc7 18.Rd4  1/2-1/2

[Event "Hannover"]
[Site "Hannover"]
[Date "1983.??.??"]
[Round "6"]
[White "Balashov, Yuri S"]
[Black "Hartmann, W."]
[Result "1-0"]
[WhiteElo "2545"]
[BlackElo "2290"]

1.e4 c5 2.Nf3 d6 3.d4 cxd4 4.Nxd4 Nf6 5.Nc3 Nc6 6.Bg5 Qb6 7.Be3 Nxd4 8.Bxd4 Qa5
9.Bb5+ Bd7 10.Bxd7+ Nxd7 11.O-O Nf6 12.Bxf6 gxf6 13.Nd5 h5 14.Qd3 Rc8 15.Rad1 Rh6
16.Ne3 e6 17.a3 a6 18.c3 Qc5 19.Qe2 Be7 20.Rd4 b5 21.a4 Rb8 22.Rfd1 Rb6 23.axb5 axb5
24.Ra1 Rb8 25.Qd3 Kf8 26.Ra6 h4 27.h3 Rg6 28.b4 Qe5 29.Qd2 Qf4 30.Ra7 Rg5
31.Rxe7 Ra8 32.Rb7 Ra1+ 33.Nf1 Rxf1+ 34.Kxf1 Qh2 35.Ke2 Kg7 36.Qe3 Qxg2 37.Rxd6 Rg3
38.Qf4 Rxh3 39.Rdd7  1-0

[Event "Havana-B"]
[Site "Havana"]
[Date "1983.??.??"]
[Round "6"]
[White "Rodriguez, Amador"]
[Black "Vera, Reynaldo"]
[Result "1/2-1/2"]
[WhiteElo "2475"]
[BlackElo "2420"]

1.e4 c5 2.Nf3 d6 3.d4 cxd4 4.Nxd4 Nf6 5.Nc3 Nc6 6.Bg5 e6 7.Qd2 Be7 8.O-O-O O-O
9.f4 h6 10.Bh4 Nxd4 11.Qxd4 Qa5 12.Bc4 e5 13.fxe5 dxe5 14.Qd3 Qc5 15.Bxf6 Bxf6
16.Nd5 Bd8 17.Kb1 Be6  1/2-1/2

[Event "Havana"]
[Site "Havana"]
[Date "1983.??.??"]
[Round "7"]
[White "Sisniega, Marcel"]
[Black "Vilela, Jose Luis"]
[Result "1/2-1/2"]
[WhiteElo "2455"]
[BlackElo "2440"]

1.e4 c5 2.Nf3 d6 3.d4 cxd4 4.Nxd4 Nf6 5.Nc3 Nc6 6.Bg5 e6 7.Qd2 a6 8.O-O-O h6
9.Be3 Nxd4 10.Bxd4 b5 11.f4 Be7 12.Bd3 Bb7 13.a3 O-O 14.Kb1 Rc8 15.g4 d5
16.Bxf6 Bxf6 17.e5 Be7 18.Ne2 d4 19.Rhg1 b4 20.g5 hxg5 21.axb4 Qb6 22.Nxd4 g6
23.Nb3 Bf3 24.Rdf1 Bxb4 25.Qf2 Qxf2 26.Rxf2 Bd5 27.Rxg5 Bxb3 28.cxb3 Rfd8
29.Bc4 Kf8 30.h4 Rd1+ 31.Kc2 Rh1 32.h5 Rxh5 33.Rxh5 gxh5 34.f5 Bc5 35.Rf3 exf5
36.Rxf5 Kg7 37.Rxf7+ Kg6 38.Rf6+ Kg5 39.Rxa6 h4 40.Be6 Re8 41.Kd3 Kf4 42.Kc4 Kxe5
43.Bd7 Re7 44.Kxc5 Rxd7 45.Rh6 Rd5+ 46.Kc4 Rd4+ 47.Kb5 Rd5+ 48.Ka4 Rd8 49.Rxh4 Ra8+
50.Kb4 Kd5 51.Rc4 Rb8+ 52.Kc3 Rh8 53.Kc2 Rg8 54.Rc7 Kd6 55.Rc3 Rb8 56.Kd2 Kd5
57.Kc2 Kd6 58.Rc4 Kd5 59.Kc3 Rh8 60.Kb4 Rb8+ 61.Ka3 Ra8+ 62.Ra4 Rb8 63.Ra6 Kc5
64.Ra5+ Kb6 65.Ka4 Rh8 66.Rb5+ Ka6 67.Rg5 Rh6 68.b4 Kb6 69.b3 Rf6  1/2-1/2

[Event "Helsinki"]
[Site "Helsinki"]
[Date "1983.??.??"]
[Round "3"]
[White "Raaste, Eero J"]
[Black "Gurevich, Dmitry"]
[Result "1/2-1/2"]
[WhiteElo "2380"]
[BlackElo "2470"]

1.e4 c5 2.Nf3 d6 3.d4 cxd4 4.Nxd4 Nf6 5.Nc3 Nc6 6.Bg5 e6 7.Qd2 a6 8.Be2 Be7
9.O-O O-O 10.Rad1 Bd7 11.Nb3 Kh8 12.Bf4 Ne5 13.Bg3 Qb6 14.Kh1 Bb5 15.Nxb5 axb5
16.Qb4 Qc7 17.Bxb5 Rxa2 18.Nc1 Ra1 19.f3 Nh5 20.Bxe5 dxe5 21.Qc4  1/2-1/2

[Event "Jajce (Women)"]
[Site "Jajce"]
[Date "1983.??.??"]
[Round "9"]
[White "Erenska Radzewska, Hanna"]
[Black "Levitina, Irina S"]
[Result "0-1"]
[WhiteElo "2100"]
[BlackElo "2210"]

1.e4 c5 2.Nf3 d6 3.d4 cxd4 4.Nxd4 Nf6 5.Nc3 Nc6 6.Bg5 e6 7.Qd2 a6 8.O-O-O Bd7
9.Nb3 b5 10.f4 b4 11.Bxf6 gxf6 12.Ne2 Qb6 13.Ned4 h5 14.g3 h4 15.Bg2 Rc8
16.Kb1 Nxd4 17.Nxd4 Rc7 18.Bf3 a5 19.g4 a4 20.b3 Bg7 21.Rhe1 Rc3 22.Be2 O-O
23.f5 e5 24.Nf3 axb3 25.cxb3 Ra8 26.Qb2 Bc6 27.Nd2 Bh6 28.Bc4 Be3 29.Rc1 Bd4
30.Rxc3 bxc3 31.Qc2 cxd2 32.Qxd2 Qa5 33.Qxa5 Rxa5 34.a4 Rc5 35.Ka2 Bxa4 36.Bxf7+ Kxf7
37.bxa4 Rc3 38.Rb1 Bc5 39.Rb7+ Ke8 40.Rh7 Ra3+ 41.Kb2 Rxa4 42.Rxh4 Rxe4 43.h3 d5
44.Rh8+ Bf8 45.Rg8 Kf7 46.Rg6 Re2+ 47.Kc1 Rh2  0-1

[Event "Jurmala"]
[Site "Jurmala"]
[Date "1983.??.??"]
[Round "2"]
[White "Klovans, Janis"]
[Black "Chandler, Murray G"]
[Result "0-1"]
[WhiteElo "2450"]
[BlackElo "2500"]

1.e4 c5 2.Nf3 d6 3.d4 Nf6 4.Nc3 cxd4 5.Nxd4 Nc6 6.Bg5 Bd7 7.Qd2 Rc8 8.Nb3 h6
9.Bxf6 gxf6 10.Bd3 h5 11.O-O-O Bh6 12.f4 Ne5 13.Rhf1 Rg8 14.Kb1 Nxd3 15.Qxd3 Rxg2
16.f5 Bc6 17.Qh3 Rg5 18.Nd4 Qb6 19.Nf3 Rg8 20.Qxh5 Be3 21.Qh3 Qc5 22.Nd2 Bxd2
23.Rxd2 Kd7 24.a3 b5 25.Rfd1 a5 26.Nd5 b4 27.Qb3 Ke8 28.e5 fxe5 29.f6 a4
30.Qxb4 Bxd5 31.Rxd5 Qxc2+ 32.Ka1 Qb3 33.Qa5 Rg2 34.Rb1 Rxb2 35.Qb5+ Qxb5
36.Rxb5 Rxb5 37.Rxb5 exf6 38.Rb4 Rc2 39.h4 f5 40.Rxa4 f4 41.Kb1 Rh2 42.Rb4 f3  0-1

[Event "Jurmala"]
[Site "Jurmala"]
[Date "1983.??.??"]
[Round "3"]
[White "Vitolinsh, Alvis"]
[Black "Lerner, Konstantin Z"]
[Result "0-1"]
[WhiteElo "2365"]
[BlackElo "2525"]

1.e4 c5 2.Nf3 d6 3.d4 cxd4 4.Nxd4 Nf6 5.Nc3 Nc6 6.Bg5 e6 7.Qd2 a6 8.O-O-O Qb6
9.Nxc6 bxc6 10.e5 dxe5 11.Bxf6 gxf6 12.Ne4 Bg7 13.g4 O-O 14.Rg1 Rb8 15.c3 Kh8
16.g5 fxg5 17.Bc4 g4 18.Bb3 f5 19.Nd6 a5 20.Kb1 e4 21.h3 Ba6 22.hxg4 Bd3+
23.Ka1 Qc5 24.gxf5 Qxd6 25.Bxe6 Qe5 26.f4 Qb5 27.Rg6 e3 28.Qh2 Bxf5 29.Rxg7 e2  0-1

[Event "Jurmala"]
[Site "Jurmala"]
[Date "1983.??.??"]
[Round "4"]
[White "Chandler, Murray G"]
[Black "Lanka, Zigurds"]
[Result "1-0"]
[WhiteElo "2500"]
[BlackElo "2345"]

1.e4 c5 2.Nf3 Nc6 3.d4 cxd4 4.Nxd4 Nf6 5.Nc3 d6 6.Bg5 e6 7.Qd2 a6 8.O-O-O h6
9.Be3 Qc7 10.f3 Rb8 11.Kb1 Bd7 12.h4 b5 13.Nxc6 Bxc6 14.g4 b4 15.Ne2 e5 16.Ng3 d5
17.g5 hxg5 18.hxg5 Rxh1 19.Nxh1 d4 20.gxf6 dxe3 21.fxg7 exd2 22.g8=Q Rd8
23.Nf2 Ba4 24.b3 Qc3 25.bxa4 Rb8 26.Ng4 Qxf3 27.Rxd2 Qxf1+ 28.Kb2 Qf3 29.Rd3 Qf4
30.Rd6 Ke7 31.Rf6 Qxf6 32.Nxf6 Kxf6 33.Qg4 Rb6 34.Qf5+ Kg7 35.Qxe5+ Kg8 36.Qe8 Rg6
37.Qa8 Rb6 38.Kb3 Rg6 39.Kc4 Rd6 40.Qc8 Rh6 41.a5 Rg6 42.e5 Re6 43.Kd5 Rg6
44.Qc4 Rh6 45.Qd3 Rg6 46.Qb3 Be7 47.Qe3 Bf8 48.Qe2 Rh6 49.Qd2 Re6 50.Qg2+ Rg6
51.Qf2 Rh6 52.a3 bxa3 53.c4 Re6 54.Qa2 Bg7 55.Qxa3 Bxe5 56.Qc5 Kg7 57.Qg1+ Kf8
58.Qa7 Kg7 59.c5 Bc3 60.Qc7 Kf6 61.Kc4 Be5 62.Qb7 Bf4 63.c6 Re4+ 64.Kd3 Re6
65.Qb6 Ke7 66.Qxa6 Kd6 67.c7+ Kxc7 68.Qc4+  1-0

[Event "Jurmala"]
[Site "Jurmala"]
[Date "1983.??.??"]
[Round "10"]
[White "Chandler, Murray G"]
[Black "Lerner, Konstantin Z"]
[Result "1/2-1/2"]
[WhiteElo "2500"]
[BlackElo "2525"]

1.e4 c5 2.Nf3 Nc6 3.d4 cxd4 4.Nxd4 Nf6 5.Nc3 d6 6.Bg5 e6 7.Qd2 a6 8.O-O-O h6
9.Bf4 Bd7 10.Nxc6 Bxc6 11.Qe1 Qc7 12.e5 dxe5 13.Bxe5 Qc8 14.Bxf6 gxf6 15.Ne4 Be7
16.Nd6+ Bxd6 17.Rxd6 Qc7 18.Qb4 Rd8 19.Rxd8+ Kxd8 20.f3 Kc8 21.Bd3 h5 22.g3 f5
23.Rf1 Rd8 24.Kb1 Qe5 25.f4 Qe3 26.Qc3 Kb8 27.Re1 Qf2 28.b3 Qxh2 29.Bxa6 Be4
30.Bd3 Qxg3 31.Qe5+ Kc8 32.Rxe4 fxe4 33.Qc5+ Kb8 34.Qe5+ Kc8 35.Qc5+  1/2-1/2

[Event "Jurmala"]
[Site "Jurmala"]
[Date "1983.??.??"]
[Round "12"]
[White "Klovans, Janis"]
[Black "Tal, Mihail"]
[Result "1-0"]
[WhiteElo "2450"]
[BlackElo "2620"]

1.e4 c5 2.Nf3 d6 3.d4 cxd4 4.Nxd4 Nf6 5.Nc3 Nc6 6.Bg5 e6 7.Qd2 Be7 8.O-O-O O-O
9.Nb3 h6 10.Bxf6 Bxf6 11.Qxd6 Bxc3 12.bxc3 Qh4 13.g3 Qf6 14.Qc5 e5 15.Bc4 Be6
16.Bxe6 Qxe6 17.Rd6 Qh3 18.Qe3 Rfd8 19.Rd5 Qg2 20.Rhd1 Qxh2 21.Nc5 b6 22.Nd7 Qh3
23.Nxe5 Rdc8 24.Nxc6 Rxc6 25.Rd8+ Rxd8 26.Rxd8+ Kh7 27.Qd3 Qg2 28.e5+ Rg6
29.Qf5 Qf1+ 30.Kd2 Qc4 31.Rd7 Kg8 32.Rd8+ Kh7 33.Rf8 Qd5+ 34.Kc1 Qxa2 35.Rxf7 Qc4
36.Rxa7 Qxc3 37.Ra4 Qe1+ 38.Kb2 Qe2 39.Rb4 Qd1 40.f3 Qd5 41.Rg4  1-0

[Event "Netanya"]
[Site "Netanya"]
[Date "1983.??.??"]
[Round "4"]
[White "Liberzon, Vladimir M"]
[Black "Pavlov, Mircea"]
[Result "1/2-1/2"]
[WhiteElo "2470"]
[BlackElo "2400"]

1.e4 c5 2.Nf3 d6 3.d4 Nf6 4.Nc3 cxd4 5.Nxd4 Nc6 6.Bg5 e6 7.Qd2 a6 8.O-O-O Bd7
9.f4 h6 10.Bh4 b5 11.Qe1 Nxd4 12.Rxd4 Qb6 13.Bf2 Qa5 14.a3 Bc6 15.Be2 Be7
16.Bf3 Qc7  1/2-1/2

[Event "New York Kavkasian"]
[Site "New York"]
[Date "1983.??.??"]
[Round "?"]
[White "Zapata, Alonso"]
[Black "Zaltsman, Vitaly F"]
[Result "1/2-1/2"]
[WhiteElo "2455"]
[BlackElo "2390"]

1.e4 c5 2.Nf3 Nc6 3.d4 cxd4 4.Nxd4 Nf6 5.Nc3 d6 6.Bg5 e6 7.Qd2 a6 8.O-O-O Bd7
9.f4 b5 10.Bxf6 gxf6 11.Kb1 Qb6 12.Nce2 h5 13.g3 O-O-O 14.f5 Bh6 15.Qc3 Kb8
16.fxe6 fxe6 17.Bh3 Nxd4 18.Nxd4 Rhe8 19.Qb3 Rc8 20.Nxe6 Rc4 21.Ng7 Bxg7
22.Bxd7 Rexe4 23.Bf5 Re5 24.Rhf1 Ka7 25.Qf3 h4 26.gxh4 Rc7 27.Qf2 Qc5 28.h5 Bh6
29.Qf3 Rce7 30.Qd3 d5 31.a3 Qe3 32.Bg6 Qxd3 33.Rxd3 Re1+ 34.Rxe1 Rxe1+ 35.Ka2 Re5
36.Bf7 Kb6 37.Rxd5 Rxd5 38.Bxd5 f5 39.b4 a5 40.Kb3 axb4 41.axb4 Bg7 42.Be6 f4
43.Bg4 Kc6 44.Be2 Bf8 45.c3 Bg7 46.Kc2 Bh6 47.h3 Bf8 48.Bd3 Bh6 49.Kd1 Bg7
50.Kd2 Bh6 51.Ke2 Bg7 52.h6 Bxh6 53.Kf3 Bg7 54.c4 bxc4 55.Bxc4 Bc3 56.b5+ Kc5
57.Ke4 Kxc4 58.b6 f3 59.Kxf3 Kd5 60.b7 Be5  1/2-1/2

[Event "New York Kavkasian"]
[Site "New York"]
[Date "1983.??.??"]
[Round "?"]
[White "Shamkovich, Leonid"]
[Black "Dlugy, Maxim"]
[Result "1/2-1/2"]
[WhiteElo "2460"]
[BlackElo "2455"]

1.e4 c5 2.Nf3 Nc6 3.d4 cxd4 4.Nxd4 Nf6 5.Nc3 d6 6.Bg5 e6 7.Qd2 a6 8.O-O-O h6
9.Bf4 Bd7 10.Nxc6 Bxc6 11.Qe1 Qa5 12.Bc4 Be7 13.Bb3 O-O-O 14.f3 Qc7 15.Rd3 Nd7
16.Ne2 Nc5 17.Rc3 Bg5 18.Bxg5 hxg5 19.Nd4 Qb6 20.Qe3 e5 21.Nf5 Nxb3+ 22.axb3 Qxe3+
23.Nxe3 Kd7 24.Rd3 Ke6 25.h3 g6 26.Re1 f5 27.Nd5  1/2-1/2

[Event "World op"]
[Site "New York"]
[Date "1983.??.??"]
[Round "?"]
[White "Shamkovich, Leonid"]
[Black "Taylor, Timothy"]
[Result "1/2-1/2"]
[WhiteElo "2480"]
[BlackElo "2415"]

1.e4 c5 2.Nf3 d6 3.d4 cxd4 4.Nxd4 Nf6 5.Nc3 Nc6 6.Bg5 e6 7.Qd2 Be7 8.O-O-O O-O
9.f4 Nxd4 10.Qxd4 Qa5 11.Bc4 Bd7 12.Bxf6 Bxf6 13.e5 Be7 14.exd6 Bxd6 15.Qd3  1/2-1/2

[Event "New York Kavkasian"]
[Site "New York"]
[Date "1983.??.??"]
[Round "?"]
[White "Byrne, Robert E"]
[Black "Zaltsman, Vitaly F"]
[Result "1-0"]
[WhiteElo "2515"]
[BlackElo "2390"]

1.e4 c5 2.Nf3 Nc6 3.d4 cxd4 4.Nxd4 Nf6 5.Nc3 d6 6.Bg5 e6 7.Qd2 a6 8.O-O-O Bd7
9.f4 b5 10.Bxf6 gxf6 11.Kb1 Qb6 12.Nxc6 Bxc6 13.f5 Qc5 14.Bd3 Rg8 15.Rhe1 O-O-O
16.g3 Kb8 17.Qf4 Bd7 18.Qh4 Be7 19.Qxh7 Rdf8 20.Qh3 Bd8 21.Ne2 e5 22.Nc1 Rh8
23.Qg2 Bb6 24.Re2 Qc7 25.c3 Bc6 26.Bc2 a5 27.Bb3 a4 28.Bd5 a3 29.Nb3 Rc8
30.Rc2 Be8 31.bxa3 Qa7 32.Kb2 Qa4 33.Qe2 Rc7 34.c4 Ra7 35.Kb1 bxc4 36.Qxc4 Qxc4
37.Bxc4 Bc7 38.Bd5 Rxa3 39.Rdc1 Ba5 40.Nxa5 Rxa5 41.Rc7 Rb5+ 42.Ka1 Rc5 43.Rb7+ Kc8
44.Rcb1  1-0

[Event "Nis"]
[Site "Nis"]
[Date "1983.??.??"]
[Round "4"]
[White "Chandler, Murray G"]
[Black "Pavlovic, Dragan"]
[Result "1-0"]
[WhiteElo "2485"]
[BlackElo "2345"]

1.e4 c5 2.Nf3 Nc6 3.d4 cxd4 4.Nxd4 Nf6 5.Nc3 d6 6.Bg5 e6 7.Qd2 Be7 8.O-O-O O-O
9.f4 Nxd4 10.Qxd4 Qa5 11.Bc4 Bd7 12.e5 dxe5 13.fxe5 Bc6 14.Bd2 Nd7 15.Nd5 Qd8
16.Nxe7+ Qxe7 17.Rhe1 Nb6 18.Bf1 Rfd8 19.Qg4 Qc5 20.Bh6 Rxd1+ 21.Kxd1 Rd8+
22.Bd3 g6 23.Qh4 Rxd3+ 24.cxd3 Ba4+ 25.b3 Qd5 26.Re3  1-0

[Event "Nis"]
[Site "Nis"]
[Date "1983.??.??"]
[Round "8"]
[White "Marjanovic, Slavoljub"]
[Black "Pavlovic, Dragan"]
[Result "1-0"]
[WhiteElo "2465"]
[BlackElo "2345"]

1.e4 c5 2.Nf3 Nc6 3.d4 cxd4 4.Nxd4 Nf6 5.Nc3 d6 6.Bg5 e6 7.Qd2 a6 8.O-O-O h6
9.Be3 Be7 10.f3 Nxd4 11.Bxd4 e5 12.Be3 Be6 13.Nd5 Bxd5 14.exd5 Nd7 15.g3 Qc7
16.h4 O-O-O 17.Qb4 Nc5 18.Qa3 Kb8 19.Rh2 g5 20.b4 Nd7 21.c4 gxh4 22.gxh4 a5
23.Kb1 axb4 24.Qa7+ Kc8 25.Bh3 Qb8 26.Qb6 Qc7 27.Qa7 Qb8 28.Qa5 Rdf8 29.Ba7 Qa8
30.Bf5 f6 31.c5 Bd8 32.Qa4 b5 33.Qa6+  1-0